| 000 | 00602cab a2200229 4500 | ||
|---|---|---|---|
| 001 | WB3218-44 | ||
| 008 | 090401t1996 xxu||||| |||| 00| 0 eng d | ||
| 035 | _a(Sirsi) u59229 | ||
| 041 | _aeng | ||
| 245 | _aGlasgow | ||
| 260 | _c1996 | ||
| 350 | _a0 | ||
| 490 |
_aFinancial Times _v10 May 1996, 13-15(3) LOAN |
||
| 520 | _aA survey on Glasgow covering the economy, regeneration projects and the property market. | ||
| 650 | _aGLASGOW | ||
| 650 | _aPROPERTY MARKET | ||
| 650 | _aSCOTLAND | ||
| 650 | _aURBAN REGENERATION | ||
| 690 | _aSPECIAL REPORTS | ||
| 942 | _n0 | ||
| 948 | _c04/03/1997 | ||
| 999 |
_c36314 _d36314 |
||